Siglas católicas - Estadísticas

Estadísticas generales
  • Esta prueba ha sido intentada 21 veces
  • La puntuación promedio es 7 de 14
Estadísticas de respuestas
Pregunta Respuesta % Correcto
CEE Conferencia episcopal española
94%
FSSP Fraternidad sacerdotal San Pedro
83%
SDB Salesianos de don Bosco
72%
SJ Jesuitas
67%
CIC Código de derecho canónico
61%
OFM Frailes franciscanos
61%
OSA Agustinos
56%
OCD Carmelitas descalzos
44%
OP Dominicos
44%
CEC Catecismo de la Iglesia católica
39%
CD Decreto Christus Dominus
39%
CMF Misioneros claretianos
33%
FSC Lasalianos
17%
CM Padres Paúles Vicentinos
11%
No se encontraron pruebas coincidentes
Distribución de puntuación
Porcentaje de gente con cada puntuación
Porcentaje por número respondido
Historial de tus puntuaciones
No has intentado esta prueba.